MLB Top MVP, Cy Young, and ROY 1992 - Statistics

General Stats
  • This quiz has been taken 30 times
  • The average score is 20 of 39
Answer Stats
# Player Team Pos. % Correct
1 Barry Bonds PIT LF
100%
1 Greg Maddux CHC P
100%
10 Tom Glavine ATL P
96%
2 Tom Glavine ATL P
96%
4 Mark McGwire OAK 1B
93%
3 Joe Carter TOR RF
89%
1 Dennis Eckersley OAK P
85%
1 Dennis Eckersley OAK P
85%
2 Kirby Puckett MIN CF
85%
9 Cecil Fielder DET 1B
81%
8 Frank Thomas CHW 1B
78%
3 Roger Clemens BOS P
78%
6 Roberto Alomar TOR 2B
74%
10 Paul Molitor MIL DH
67%
4 Andy Van Slyke PIT CF
59%
2 Terry Pendleton ATL 3B
59%
6 Darren Daulton PHI C
56%
5 Larry Walker MON RF
56%
5 Doug Drabek PIT P
52%
2 Jack McDowell CHW P
52%
5 Dave Winfield TOR DH
44%
7 Fred McGriff SDP 1B
44%
4 Mike Mussina BAL P
44%
3 Gary Sheffield SDP 3B
41%
2 Kenny Lofton CLE CF
41%
2 Moisés Alou MON LF
41%
1 Eric Karros LAD 1B
37%
9 Marquis Grissom MON CF
37%
5 Jack Morris TOR P
30%
4 Lee Smith STL P
30%
7 Mike Devereaux BAL CF
22%
1 Pat Listach MIL SS
22%
4 Reggie Sanders CIN CF
19%
3 Bob Tewksbury STL P
11%
3 Tim Wakefield PIT P
11%
4 Cal Eldred MIL P
7%
8 Bip Roberts CIN LF
4%
3 Dave Fleming SEA P
4%
5 Donovan Osborne STL P
4%
No matching quizzes found
Score Distribution
Percent of People with Each Score
Percentile by Number Answered
Your Score History
You have not taken this quiz